00290 a2200133 4500001000700000020001800007040001100025100003100036240003300067245002800100300000800128362000900136440001100145187185 a85-349-2250-0 cMagnum aSantos, Jorge Fernando Dos10aNo clarão das águaslpor10aNo clarão das águas a1240 a2004 1aPaulus